000 00562nam a2200229 a 4500
001 nice12345678
003 IN_TiNIC
005 20260116013024.0
008 050524s1930 lona grp 000 0 eng
020 _a
_c100
082 0 0 _a823
_bDIC
100 _aDickens, Charles
245 _aFrom David Copperfield to David Blaize
260 _aLondon
_bUniversity of London Press
_c1930
300 _a160p
500 _aincludes index and biblioraphy
505 2 _aIndex
650 _aEnglish-Literature
902 _bSRS
942 _cBK
999 _c9313
_d9313